Visual Basic .NET Laboratory Course /

Manual para aprender a programar con el lenguaje Visual Basic .NET a través de prácticas de laboratorio. Contenido: Introducción a la programación y a la solución de problemas; Sintaxis y semántica de VB .NET y el proceso de entrada al programa; Salida guiada por eventos; Tipos numéricos y expresion...

Deskribapen osoa

Gorde:
Xehetasun bibliografikoak
Egile nagusia: Dale, Nell (autor)
Beste egile batzuk: McMillan, Michael (autor) (autor)
Formatua: Liburua
Hizkuntza:ingelesa
Argitaratua: Sudbury, EUA : Jones and Bartlett, 2003, c2003
Saila:(Jones and Bartlett Computer Science)
Gaiak:
Etiketak: Etiketa erantsi
Etiketarik gabe, Izan zaitez lehena erregistro honi etiketa jartzen!

MARC

LEADER 00000nam^a2200000^a^4500
001 000158426
005 20250521000000.0
009 20260310100613.687
020 |a 0-7637-1823-8 
037 |a Acervo ITESO - Biblioteca 
041 |a ING 
082 |a 005. 133  |b DAL 
100 |a Dale, Nell  |e (autor) 
245 1 0 |a Visual Basic .NET Laboratory Course /  |c N. Dale, M. McMillan. 
264 4 |a Sudbury, EUA :  |b Jones and Bartlett,  |c 2003, c2003 
300 |a XI, 269 p. 
336 |a texto  |b txt  |2 rdacontenido 
337 |a sin mediación  |b n  |2 rdamedio 
338 |a volumen  |b nc  |2 rdasoporte 
440 1 |a (Jones and Bartlett Computer Science) 
520 |a Manual para aprender a programar con el lenguaje Visual Basic .NET a través de prácticas de laboratorio. Contenido: Introducción a la programación y a la solución de problemas; Sintaxis y semántica de VB .NET y el proceso de entrada al programa; Salida guiada por eventos; Tipos numéricos y expresiones; Entrada guiada por eventos y estrategias de diseño del software; Condiciones, expresiones lógicas y estructuras de la selección del control; Clases y métodos; Herencia, polimorfismo y alcance; Archivo I/O y bucles; Estructuras de control adicionales y excepciones; Arrays unidimensionales; Listas basadas en arrays; Arrays multidimensionales. 
649 |a XX 
650 |a Páginas en Línea -  |x Diseño y Construcción 
650 |a Interfaz de Usuario 
650 |a Bases de Datos 
650 |a Internet 
650 |a Redes de Computadoras 
650 |a Comunicación en Red 
650 |a Sistemas de Telecomunicación 
650 |a Telecomunicaciones 
650 |a Lenguajes de Programación 
650 |a Programación Orientada a Objetos 
650 |a Programación (Software) 
650 |a Desarrollo de Sistemas 
650 |a Sistemas Computacionales 
650 |a Ingeniería Computacional 
700 |a McMillan, Michael  |e (autor) 
910 |a Fondo General 
920 |a Impresos - Libros 
930 |a Colección General 
905 |a 101 
901 |a 0500089844  |b IT1  |c ACC  |u 20250521 
902 |a https://opac.biblio.iteso.mx/vufind/Record/000158426